[Event "Koltsovo op"]
[Site "Koltsovo"]
[Date "2014.07.06"]
[Round "9"]
[White "Khanina, Maria"]
[Black "Panasenko, Gennady"]
[Result "1-0"]
[WhiteElo "1660"]
[BlackElo "1826"]
[PlyCount "57"]
[EventDate "2014.06.28"]
[EventType "swiss"]
[EventRounds "9"]
[EventCountry "RUS"]
[SourceTitle "CBM 161 Extra"]
[Source "ChessBase"]
[SourceDate "2014.08.29"]
[SourceVersion "1"]
[SourceVersionDate "2014.08.29"]
[SourceQuality "1"]

1. e4 e5 2. Nf3 Nc6 3. Bc4 Be7 4. d4 exd4 5. Nxd4 Ne5 6. Bb3 d6 7. 0-0 a6 8. f4 Ng6 9. Nc3 Nf6 10. Re1 Bg4 11. Qd3 c5 12. Nf5 0-0 13. Qg3 Bxf5 14. exf5 Nh8 15. Qf3 Ra7 16. Be3 b5 17. Nd5 Re8 18. Rad1 Rd7 19. Nxf6+ Bxf6 20. Bd5 Rc7 21. Bc6 Rxe3 22. Rxe3 Bd4 23. Rxd4 cxd4 24. Re8+ Qxe8 25. Bxe8 h6 26. Qe4 Kf8 27. Bc6 Re7 28. Qxd4 f6 29. Qxd6 1-0

[Event "Koltsovo op"]
[Site "Koltsovo"]
[Date "2014.07.03"]
[Round "6"]
[White "Panasenko, Gennady"]
[Black "Gorbunov, Grigory"]
[Result "1/2-1/2"]
[WhiteElo "1826"]
[BlackElo "1899"]
[PlyCount "66"]
[EventDate "2014.06.28"]
[EventType "swiss"]
[EventRounds "9"]
[EventCountry "RUS"]
[SourceTitle "CBM 161 Extra"]
[Source "ChessBase"]
[SourceDate "2014.08.29"]
[SourceVersion "1"]
[SourceVersionDate "2014.08.29"]
[SourceQuality "1"]

1. e4 g6 2. d4 d6 3. Be2 Bg7 4. Nf3 Nf6 5. Nc3 0-0 6. Bg5 e5 7. dxe5 dxe5 8. Qxd8 Rxd8 9. Nxe5 Re8 10. Bxf6 Bxf6 11. f4 Bxe5 12. fxe5 c6 13. 0-0 Be6 14. b3 Nd7 15. Rad1 Nxe5 16. Rd6 Rad8 17. Rfd1 Rxd6 18. Rxd6 Kf8 19. h3 Ke7 20. Rd1 g5 21. Na4 b6 22. Nb2 f6 23. Nd3 Rd8 24. Nxe5 Rxd1+ 25. Bxd1 fxe5 26. Kf2 Kd6 27. Be2 Kc5 28. c3 a5 29. Ke3 b5 30. g4 Kb6 31. Bd1 c5 32. a3 h6 33. Bc2 Bg8 1/2-1/2

[Event "Novosibirsk Sukharev Memorial Seniors"]
[Site "Novosibirsk"]
[Date "2012.07.26"]
[Round "9"]
[White "Panasenko, Gennady"]
[Black "Glazkov, Leonid"]
[Result "1/2-1/2"]
[WhiteElo "1883"]
[BlackElo "1848"]
[PlyCount "75"]
[EventDate "2012.07.18"]
[EventType "swiss"]
[EventRounds "9"]
[EventCountry "RUS"]
[SourceTitle "EXT 2014"]
[Source "ChessBase"]
[SourceDate "2013.11.20"]
[SourceVersion "1"]
[SourceVersionDate "2013.11.20"]
[SourceQuality "1"]

1. e4 e6 2. d4 d5 3. exd5 exd5 4. Be3 c6 5. c3 Bd6 6. Bd3 Ne7 7. Ne2 0-0 8. Qc2 g6 9. Nd2 Bf5 10. Bh6 Bxd3 11. Qxd3 Re8 12. Bg5 Nd7 13. 0-0-0 f6 14. Bf4 Nf8 15. h4 Ne6 16. Qf3 Qc7 17. Bxd6 Qxd6 18. g4 Rf8 19. Rde1 Rae8 20. Nf1 f5 21. g5 Ng7 22. Nf4 Nc8 23. Ng3 Rxe1+ 24. Rxe1 Re8 25. Rxe8+ Nxe8 26. Qe3 Qe7 27. h5 Qxe3+ 28. fxe3 Kf7 29. hxg6+ hxg6 30. Nf1 Ned6 31. Nd2 Nb6 32. b3 Nd7 33. c4 dxc4 34. bxc4 Nf8 35. Kc2 Ne6 36. Nxe6 Kxe6 37. Kd3 Nf7 38. Nf3 1/2-1/2

[Event "Novosibirsk Sukharev Memorial Seniors"]
[Site "Novosibirsk"]
[Date "2012.07.22"]
[Round "5"]
[White "Panasenko, Gennady"]
[Black "Abanin, Vladimir"]
[Result "1-0"]
[WhiteElo "1883"]
[BlackElo "1840"]
[PlyCount "55"]
[EventDate "2012.07.18"]
[EventType "swiss"]
[EventRounds "9"]
[EventCountry "RUS"]
[SourceTitle "EXT 2014"]
[Source "ChessBase"]
[SourceDate "2013.11.20"]
[SourceVersion "1"]
[SourceVersionDate "2013.11.20"]
[SourceQuality "1"]

1. e4 d6 2. d4 Nf6 3. Bd3 g6 4. Bg5 Bg7 5. h3 c6 6. Ne2 0-0 7. c3 e5 8. f4 Qb6 9. Qc2 Re8 10. Nd2 h6 11. fxe5 dxe5 12. dxe5 Nxe4 13. Nxe4 hxg5 14. Nd6 Rd8 15. Nxc8 Rxc8 16. e6 f5 17. 0-0-0 Qe3+ 18. Qd2 Qxe6 19. Qxg5 Kh7 20. Kb1 Na6 21. g4 Bh6 22. Qh4 g5 23. Qh5 Qf6 24. Bxf5+ Kg7 25. Bxc8 Rxc8 26. Rhf1 Qe6 27. Nd4 Qg6+ 28. Nf5+ 1-0

[Event "Novosibirsk Sukharev Memorial Seniors"]
[Site "Novosibirsk"]
[Date "2012.07.18"]
[Round "1"]
[White "Mukhamadeev, Razit"]
[Black "Panasenko, Gennady"]
[Result "1-0"]
[WhiteElo "2092"]
[BlackElo "1883"]
[PlyCount "67"]
[EventDate "2012.07.18"]
[EventType "swiss"]
[EventRounds "9"]
[EventCountry "RUS"]
[SourceTitle "EXT 2014"]
[Source "ChessBase"]
[SourceDate "2013.11.20"]
[SourceVersion "1"]
[SourceVersionDate "2013.11.20"]
[SourceQuality "1"]

1. e4 g6 2. d4 Bg7 3. Bc4 e6 4. Nc3 Ne7 5. Bf4 d6 6. Qd2 Nbc6 7. Nf3 Bd7 8. Bh6 Bxh6 9. Qxh6 Ng8 10. Qe3 a6 11. 0-0-0 Qe7 12. Rhe1 0-0-0 13. d5 Nb8 14. e5 Re8 15. exd6 cxd6 16. Ne4 Rd8 17. Qb6 Bb5 18. Bxb5 axb5 19. dxe6 d5 20. exf7 Nh6 21. Neg5 Qd7 22. Ne6 Nxf7 23. Nxd8 Rxd8 24. Qc5+ Qc6 25. Qxc6+ bxc6 26. Re7 Rd7 27. Rde1 Kd8 28. Re8+ Kc7 29. Ne5 Nxe5 30. R1xe5 Na6 31. R5e7 Nc5 32. Rxd7+ Kxd7 33. Rh8 h5 34. Rg8 1-0